| Tag |
First Indicator |
Second Indicator |
Subfields |
| LEADER |
00000cas a2200000Ia 4500 |
| 001 |
in00002086813 |
| 005 |
20151102154226.0 |
| 006 |
m d |
| 007 |
cr cnu-------- |
| 008 |
050318c19829999enktr pss 0 0eng c |
| 019 |
|
|
|a 60630100
|
| 022 |
|
|
|y 0261-9288
|
| 029 |
1 |
|
|a OCLCS
|b 11611
|
| 035 |
|
|
|a (OCoLC)ocm58534271
|
| 040 |
|
|
|a BUF
|c BUF
|d OCLCS
|d OCLCQ
|d TXA
|d UtOrBLW
|
| 049 |
|
|
|a TXAM
|
| 050 |
|
4 |
|a JV1.A2
|b I55 Electronic
|
| 082 |
0 |
4 |
|a 325/.05
|2 19
|
| 130 |
0 |
|
|a Immigrants & minorities (Online)
|
| 245 |
1 |
0 |
|a Immigrants & minorities.
|
| 246 |
3 |
0 |
|a Immigrants and minorities
|
| 264 |
|
1 |
|a London :
|b F. Cass.
|
| 310 |
|
|
|a Three no. a year
|
| 336 |
|
|
|a text
|b txt
|2 rdacontent
|
| 337 |
|
|
|a computer
|b c
|2 rdamedia
|
| 338 |
|
|
|a online resource
|b cr
|2 rdacarrier
|
| 362 |
1 |
|
|a Print began with Vol. 1, no. 1 (Mar. 1982)-
|
| 500 |
|
|
|a Description based on: Volume 22, nos. 2-3, (July 2003); title from general information screen viewed (Mar. 18, 2005).
|
| 538 |
|
|
|a Mode of access: World Wide Web.
|
| 530 |
|
|
|a Also issued in print.
|
| 500 |
|
|
|a Electronic resource.
|
| 650 |
|
0 |
|a Emigration and immigration
|v Periodicals.
|
| 650 |
|
0 |
|a Minorities
|v Periodicals.
|
| 776 |
0 |
8 |
|i Also issued in print:
|t Immigrants & minorities
|x 0261-9288
|w (DLC) sn 83641932
|w (OCoLC) 9309620
|
| 948 |
|
|
|a cataloged
|b h
|c 2005/11/21
|d c
|e pbump
|
| 994 |
|
|
|a C0
|b TXA
|
| 999 |
|
|
|a MARS
|
| 999 |
f |
f |
|s baf366be-9bf5-3b31-8c4c-f31b8bf29402
|i 1052a66f-9497-37d1-83f4-d445dfc4c104
|t 0
|
| 952 |
f |
f |
|a Texas A&M University
|b College Station
|c Electronic Resources
|d Available Online
|t 0
|e JV1.A2 I55
|g Electronic
|h Library of Congress classification
|
| 998 |
f |
f |
|a JV1.A2 I55
|t 0
|l Available Online
|